Aids und Gefängnis

Gespeichert in:  
Bibliographische Detailangaben
1. VerfasserIn: Sigel, Walter (Verfasst von)
Medienart: Druck Aufsatz
Sprache:Deutsch
Veröffentlicht: 1993
In: Zeitschrift für Strafvollzug und Straffälligenhilfe
Jahr: 1993, Band: 42, Heft: 4, Seiten: 218
Bestand in Albert-Krebs Bibliothek:Z.01
24.1975 - 55.2006
Verfügbarkeit prüfen: HBZ Gateway
Schlagwörter:

MARC

LEADER 00000caa a22000002c 4500
001 1640207589
003 DE-627
005 20221011151046.0
007 tu
008 160223s1993 xx ||||| 00| ||ger c
035 |a (DE-627)1640207589 
035 |a (DE-576)456084150 
035 |a (DE-599)BSZ456084150 
040 |a DE-627  |b ger  |c DE-627  |e rakwb 
041 |a ger 
084 |a 2,1  |2 ssgn 
100 1 |a Sigel, Walter  |0 (DE-627)1233075438  |0 (DE-576)163075433  |4 aut 
109 |a Sigel, Walter  |a Sigel, Walther 
245 1 0 |a Aids und Gefängnis  |c Walter Sigel 
264 1 |c 1993 
336 |a Text  |b txt  |2 rdacontent 
337 |a ohne Hilfsmittel zu benutzen  |b n  |2 rdamedia 
338 |a Band  |b nc  |2 rdacarrier 
650 4 |a Strafgefangener  |x Drogenabhängiger  |x AIDS  |7 (dpeaa)DE-2619 
650 4 |a Strafvollzug  |7 (dpeaa)DE-2619 
650 4 |a Strafgefangener  |7 (dpeaa)DE-2619 
650 4 |a Drogenabhängiger  |7 (dpeaa)DE-2619 
650 4 |a Aids  |7 (dpeaa)DE-2619 
650 4 |a Drogentherapie  |7 (dpeaa)DE-2619 
650 4 |a Substitutionsprogramm  |7 (dpeaa)DE-2619 
773 0 8 |i In  |t Zeitschrift für Strafvollzug und Straffälligenhilfe  |d Wiesbaden : Ges. für Fortbildung der Strafvollzugsbediensteten, 1975  |g 42(1993), 4, Seite 218  |w (DE-627)130166723  |w (DE-600)519517-2  |w (DE-576)015709817  |x 0342-3514  |7 nnas 
773 1 8 |g volume:42  |g year:1993  |g number:4  |g pages:218 
935 |a mkri 
951 |a AR 
AKB |a 24.1975 - 55.2006  |b Z.01 
ELC |b 1 
LOK |0 000 xxxxxcx a22 zn 4500 
LOK |0 001 3301645852 
LOK |0 003 DE-627 
LOK |0 004 1640207589 
LOK |0 005 20250606144712 
LOK |0 008 160208||||||||||||||||ger||||||| 
LOK |0 040   |a DE-21-110  |c DE-627  |d DE-21-110 
LOK |0 852   |a DE-21-110 
LOK |0 852 1  |m p  |9 00 
LOK |0 935   |a k110 
LOK |0 938   |k p 
LOK |0 939   |a 08-02-16  |b l01 
LOK |0 000 xxxxxcx a22 zn 4500 
LOK |0 001 4196283594 
LOK |0 003 DE-627 
LOK |0 004 1640207589 
LOK |0 005 20221011151046 
LOK |0 008 221011||||||||||||||||ger||||||| 
LOK |0 035   |a (DE-2619)p02160 
LOK |0 040   |a DE-2619  |c DE-627  |d DE-2619 
LOK |0 092   |o n 
LOK |0 852   |a DE-2619 
LOK |0 852 1  |m p  |9 00 
LOK |0 935   |a kreb 
LOK |0 938   |k p 
LOK |0 939   |a 11-10-22  |b l01 
ORI |a SA-MARC-krimdoka001.raw